| 000 | 01105nam a22003257a 4500 | ||
|---|---|---|---|
| 003 | CHAP | ||
| 005 | 20220329134707.0 | ||
| 008 | 971013s1982 r 00010 d | ||
| 010 | _a24285 | ||
| 011 | _a25257 | ||
| 035 | _a29357 | ||
| 040 | _cCHAP | ||
| 090 | _aTesis | ||
| 100 | 0 | 0 |
_aBriones Sánchez, Gregorio. _915387 |
| 245 | _aFactibilidad de la irrigación agrícola con aguas residuales de cervecería | ||
| 260 |
_aMonterrey, N. L. : _bEl autor, _c1982 |
||
| 300 |
_a152 h. _b; gráfs. |
||
| 502 | _aTesis (M.C. Esp. en Uso y Conservación del agua) -- ITESM. División de Ciencias Agropecuarias y Marítimas | ||
| 590 |
_aALEPH _b10 _c20130110 _lUCH01 _h1248 |
||
| 590 |
_aBATCH-UPD _b10 _c20130110 _lUCH01 _h1108 |
||
| 590 |
_aBATCH-UPD _b10 _c20130410 _lUCH01 _h0659 |
||
| 590 |
_aBATCH-UPD _b10 _c20130914 _lUCH01 _h0103 |
||
| 590 |
_aCONVERSION _b10 _c20130109 _lUCH01 _h1314 |
||
| 650 | 1 | 4 |
_aAguas residuales para irrigación. _92591 |
| 650 | 1 | 4 |
_aIndustria cervecera. _957799 |
| 650 | 1 | 4 |
_aIrrigación. _960366 |
| 901 | _aBK | ||
| 942 | _cTESIS | ||
| 949 |
_bBC _cTES _d-67803 _eTS1 _i29357 _si |
||
| 999 |
_c24285 _d24285 |
||